[Event "Ottawa June Norm"]
[Site "Ottawa CAN"]
[Date "2022.06.10"]
[Round "5"]
[White "Noritsyn, Nikolay"]
[Black "Sambuev, Bator"]
[Result "0-1"]
[WhiteElo "2488"]
[BlackElo "2497"]
[PlyCount "81"]
[EventDate "2022.06.08"]
[EventType "tourn"]
[EventRounds "9"]
[EventCountry "CAN"]

1. e4 d6 2. d4 g6 3. f4 d5 4. e5 h5 5. Be3 Nh6 6. Nf3 Bg4 7. Nbd2 Nf5 8. Bf2 e6
9. Bd3 Bh6 10. h3 Bxf3 11. Qxf3 Nh4 12. Bxh4 Qxh4+ 13. g3 Qe7 14. c4 c6 15. Rc1
Nd7 16. cxd5 exd5 17. O-O Nf8 18. h4 Ne6 19. Qf2 O-O-O 20. Nf3 Kb8 21. a3 Qc7
22. Rfd1 Rhf8 23. Ng5 Ng7 24. Re1 Qb6 25. Bf1 Nf5 26. Rcd1 Rde8 27. Bh3 Ng7 28.
Nh7 Rh8 29. Nf6 Re7 30. Nd7+ Rxd7 31. Bxd7 Ne6 32. Bxe6 fxe6 33. Qc2 Rg8 34.
Kg2 Qc7 35. b4 Qf7 36. b5 Rc8 37. Rc1 Bf8 38. bxc6 Bxa3 39. Rb1 a5 40. Qa4 Bb4
41. cxb7 0-1

[Event "Ottawa June Norm"]
[Site "Ottawa CAN"]
[Date "2022.06.10"]
[Round "5"]
[White "Ouellet, Maili-Jade"]
[Black "Samsonkin, Artiom"]
[Result "0-1"]
[WhiteElo "2297"]
[BlackElo "2428"]
[PlyCount "74"]
[EventDate "2022.06.08"]
[EventType "tourn"]
[EventRounds "9"]
[EventCountry "CAN"]

1. d4 Nf6 2. c4 e6 3. Nc3 Bb4 4. Qc2 O-O 5. a3 Bxc3+ 6. Qxc3 b5 7. cxb5 c6 8.
Bg5 cxb5 9. e3 Bb7 10. Nf3 Nc6 11. Bxb5 Rc8 12. Be2 Na5 13. Bxf6 gxf6 14. Qd3
f5 15. Nd2 Be4 16. Nxe4 fxe4 17. Qd1 Qg5 18. g3 Qd5 19. b4 Nb3 20. Rb1 Rc3 21.
O-O Rb8 22. Ba6 f5 23. Qe2 Qc6 24. Qb2 Na5 25. b5 Qc7 26. Rfc1 Rc4 27. Rxc4
Nxc4 28. Qb4 d5 29. Qc5 Qf7 30. Rc1 Kh8 31. a4 Rg8 32. Kh1 h5 33. h4 f4 34.
exf4 Qf5 35. Kh2 e3 36. fxe3 Qg4 37. Rg1 Nd2 0-1

[Event "Ottawa June Norm"]
[Site "Ottawa CAN"]
[Date "2022.06.10"]
[Round "5"]
[White "Talukdar, Rohan"]
[Black "Vera, Reynaldo"]
[Result "1-0"]
[WhiteElo "2343"]
[BlackElo "2443"]
[PlyCount "69"]
[EventDate "2022.06.08"]
[EventType "tourn"]
[EventRounds "9"]
[EventCountry "CAN"]

1. e4 c5 2. Nf3 a6 3. g3 b5 4. Bg2 Bb7 5. Qe2 Nf6 6. e5 Nd5 7. O-O e6 8. b3 Be7
9. c4 Nb4 10. d3 d5 11. exd6 Bf6 12. Bb2 Bxb2 13. Qxb2 O-O 14. a3 N4c6 15. cxb5
axb5 16. Nc3 Qxd6 17. Nxb5 Qxd3 18. a4 Rd8 19. Ng5 Qf5 20. Ne4 Nd4 21. Nbd6 Qe5
22. Nxb7 Nf3+ 23. Bxf3 Qxb2 24. Nxd8 Ra7 25. Kg2 Rc7 26. Rfb1 Qe5 27. Rd1 g5
28. Nd6 Rd7 29. N8xf7 Qf6 30. a5 Kf8 31. a6 Ra7 32. Bb7 g4 33. Kg1 Nxa6 34.
Rxa6 Qb2 35. Rxa7 1-0

[Event "Ottawa June Norm"]
[Site "Ottawa CAN"]
[Date "2022.06.11"]
[Round "6"]
[White "Ghasi, Ameet"]
[Black "Noritsyn, Nikolay"]
[Result "1-0"]
[WhiteElo "2478"]
[BlackElo "2488"]
[PlyCount "39"]
[EventDate "2022.06.08"]
[EventType "tourn"]
[EventRounds "9"]
[EventCountry "CAN"]

1. Nf3 e6 2. d3 c5 3. g3 Nc6 4. Bg2 Nf6 5. O-O Be7 6. e4 O-O 7. Nbd2 d6 8. Re1
Qc7 9. a4 b6 10. Nc4 Bb7 11. c3 Rad8 12. h3 Rfe8 13. Bf4 Qc8 14. Qc2 d5 15.
Nce5 Nxe5 16. Nxe5 c4 17. dxc4 dxe4 18. Rad1 h6 19. Qe2 Qa8 20. h4 1-0

[Event "Ottawa June Norm"]
[Site "Ottawa CAN"]
[Date "2022.06.11"]
[Round "6"]
[White "Perez Rodriguez, Luis Manuel"]
[Black "Talukdar, Rohan"]
[Result "1/2-1/2"]
[WhiteElo "2334"]
[BlackElo "2343"]
[PlyCount "33"]
[EventDate "2022.06.08"]
[EventType "tourn"]
[EventRounds "9"]
[EventCountry "CAN"]

1. e4 e6 2. d4 d5 3. e5 c5 4. c3 Nc6 5. Nf3 Qb6 6. Bd3 cxd4 7. O-O Bd7 8. Nbd2
dxc3 9. bxc3 Nge7 10. Re1 Ng6 11. Nb3 Qc7 12. Qe2 Be7 13. Nbd4 Nxd4 14. cxd4 h6
15. Be3 O-O 16. h4 Rac8 17. h5 1/2-1/2

[Event "Ottawa June Norm"]
[Site "Ottawa CAN"]
[Date "2022.06.11"]
[Round "6"]
[White "Sambuev, Bator"]
[Black "Liang, Jason"]
[Result "0-1"]
[WhiteElo "2497"]
[BlackElo "2443"]
[PlyCount "74"]
[EventDate "2022.06.08"]
[EventType "tourn"]
[EventRounds "9"]
[EventCountry "CAN"]

1. d4 d5 2. Nf3 Nf6 3. c4 e6 4. Bg5 dxc4 5. Nc3 c5 6. e3 cxd4 7. exd4 Nc6 8.
Bxc4 Be7 9. O-O O-O 10. a3 h6 11. Be3 Ng4 12. Qd3 b6 13. Rad1 Bb7 14. Ba2 Qd6
15. Ne4 Qc7 16. Ng3 Rfd8 17. Bb1 g6 18. Bc1 Bf8 19. Qe2 Nf6 20. Be3 Nd5 21. Rc1
Rac8 22. Ne4 Bg7 23. Rfd1 Nxe3 24. fxe3 Nxd4 25. Nxd4 Qc6 26. Rc2 Qc7 27. Rcc1
Qxc1 28. Rxc1 Rxc1+ 29. Kf2 Rxb1 30. Nc3 Rh1 31. Qc4 Rc8 32. Qa4 Rxh2 33. Nf3
Bxf3 34. Kxf3 Bxc3 35. bxc3 Rh5 36. Qxa7 Rxc3 37. Qb8+ Kg7 0-1

[Event "Ottawa June Norm"]
[Site "Ottawa CAN"]
[Date "2022.06.10"]
[Round "6"]
[White "Samsonkin, Artiom"]
[Black "Narayanan, Sudarshan"]
[Result "0-1"]
[WhiteElo "2428"]
[BlackElo "2343"]
[PlyCount "128"]
[EventDate "2022.06.08"]
[EventType "tourn"]
[EventRounds "9"]
[EventCountry "CAN"]

1. e4 e5 2. Nf3 Nc6 3. d4 exd4 4. Bc4 Bc5 5. Ng5 Nh6 6. Nxf7 Nxf7 7. Bxf7+ Kxf7
8. Qh5+ g6 9. Qxc5 d5 10. O-O dxe4 11. c3 Qd6 12. Qxd6 cxd6 13. cxd4 Nxd4 14.
Nc3 Bg4 15. Nxe4 Nc2 16. Nxd6+ Ke6 17. Bf4 Nxa1 18. Rxa1 Rhf8 19. Bg3 b6 20.
Re1+ Kd7 21. Nc4 Bf5 22. Ne5+ Kc8 23. Nc4 Kd7 24. Ne5+ Kc8 25. Nc4 Rd8 26. h4
Rd4 27. Rc1 Kb7 28. Nd6+ Ka6 29. Rc3 Bd7 30. Kh2 Rd8 31. f3 Bb5 32. Ra3+ Ra4
33. Rxa4+ Bxa4 34. Be5 Bc2 35. g4 b5 36. Kg3 Kb6 37. Nf7 Rd7 38. Ng5 Kc6 39.
Bc3 Kd5 40. Kf4 h6 41. Nh3 Bd1 42. g5 h5 43. a3 Rc7 44. Bf6 Rc8 45. Nf2 Bc2 46.
Kg3 Re8 47. Kf4 Re2 48. Kg3 Kc4 49. f4 Bf5 50. Kf3 Rc2 51. Ne4 Kd5 52. Nc3+ Kc6
53. Ne4 Kd7 54. Bc3 Bxe4+ 55. Kxe4 Ke6 56. Bd4 a6 57. f5+ gxf5+ 58. Kf3 Rc4 59.
Bf2 a5 60. Be1 a4 61. Bf2 Kf7 62. Be1 Kg6 63. Ke3 Re4+ 64. Kd2 f4 0-1

[Event "Ottawa June Norm"]
[Site "Ottawa CAN"]
[Date "2022.06.10"]
[Round "6"]
[White "Vera, Reynaldo"]
[Black "Ouellet, Maili-Jade"]
[Result "0-1"]
[WhiteElo "2443"]
[BlackElo "2297"]
[PlyCount "94"]
[EventDate "2022.06.08"]
[EventType "tourn"]
[EventRounds "9"]
[EventCountry "CAN"]

1. Nf3 Nf6 2. c4 e6 3. g3 d5 4. Bg2 d4 5. O-O c5 6. d3 Nc6 7. e3 Bd6 8. exd4
cxd4 9. a3 a5 10. Bg5 h6 11. Bxf6 Qxf6 12. Nbd2 Qd8 13. Qc2 O-O 14. c5 Be7 15.
Rfe1 Qc7 16. Rab1 a4 17. h4 Re8 18. g4 e5 19. g5 Bf5 20. Ne4 Ra5 21. Nfd2 hxg5
22. hxg5 Nd8 23. f4 Bxe4 24. Nxe4 exf4 25. Qf2 Ne6 26. b4 axb3 27. Rxb3 Nxc5
28. Nf6+ gxf6 29. gxf6 Ne6 30. Rxb7 Qc5 31. Rxe6 fxe6 32. Qxf4 Bxf6 33. Qxf6
Qc1+ 34. Kh2 Rh5+ 35. Kg3 Qg5+ 36. Qxg5+ Rxg5+ 37. Kh3 Ra8 38. Rb3 Ra7 39. Be4
Rga5 40. Rb8+ Kf7 41. Rd8 e5 42. Kg4 Rxa3 43. Kf5 R3a5 44. Bd5+ Ke7 45. Rh8 Kd6
46. Rd8+ Kc7 47. Rh8 Rxd5 0-1

[Event "Ottawa June Norm"]
[Site "Ottawa CAN"]
[Date "2022.06.11"]
[Round "7"]
[White "Liang, Jason"]
[Black "Ghasi, Ameet"]
[Result "1-0"]
[WhiteElo "2443"]
[BlackElo "2478"]
[PlyCount "119"]
[EventDate "2022.06.08"]
[EventType "tourn"]
[EventRounds "9"]
[EventCountry "CAN"]

1. Nf3 e6 2. d3 c5 3. g3 Nc6 4. Bg2 Nf6 5. O-O Be7 6. e4 O-O 7. Nbd2 d6 8. Re1
Qc7 9. a4 b6 10. Nc4 Bb7 11. c3 Rad8 12. h3 Rfe8 13. Bf4 Qc8 14. Qc2 d5 15.
Nce5 Nxe5 16. Nxe5 c4 17. dxc4 dxe4 18. Rad1 h6 19. Qe2 Qa8 20. h4 Bf8 21. g4
g6 22. Qe3 Bc5 23. Qg3 Bf8 24. Rd4 Bg7 25. Qe3 h5 26. g5 Ng4 27. Nxg4 hxg4 28.
Rxd8 Qxd8 29. Bxe4 Bxe4 30. Qxe4 Qd7 31. Ra1 Rd8 32. Be3 e5 33. a5 bxa5 34.
Rxa5 Qd1+ 35. Kg2 Qe2 36. Rd5 Rc8 37. c5 Qxb2 38. Qxg4 Qb7 39. Qe4 Qc7 40. Rd6
Bf8 41. Rd5 Bg7 42. c4 a5 43. Rd6 Bf8 44. Qxe5 Bxd6 45. cxd6 Qc6+ 46. Kg3 Re8
47. Qd4 Re4 48. Qd3 Re8 49. c5 a4 50. f3 a3 51. Qxa3 Qd5 52. Qc3 Qe6 53. Qd4
Qd7 54. Bd2 Re6 55. Bc3 f6 56. gxf6 Kf7 57. Qd5 Ke8 58. Be5 g5 59. c6 gxh4+ 60.
Kf4 1-0

[Event "Ottawa June Norm"]
[Site "Ottawa CAN"]
[Date "2022.06.11"]
[Round "7"]
[White "Narayanan, Sudarshan"]
[Black "Ouellet, Maili-Jade"]
[Result "1-0"]
[WhiteElo "2343"]
[BlackElo "2297"]
[PlyCount "113"]
[EventDate "2022.06.08"]
[EventType "tourn"]
[EventRounds "9"]
[EventCountry "CAN"]

1. e4 c5 2. Nf3 d6 3. Bb5+ Nd7 4. d4 cxd4 5. Qxd4 a6 6. Bxd7+ Bxd7 7. Nc3 e5 8.
Qd3 h6 9. Nd2 Nf6 10. Nc4 Be6 11. Be3 Rc8 12. Nb6 Rc6 13. Nbd5 Bxd5 14. Nxd5
Nxd5 15. exd5 Rc8 16. O-O Be7 17. c4 O-O 18. b4 Bg5 19. Rfc1 b6 20. a4 a5 21.
bxa5 bxa5 22. c5 dxc5 23. Rxc5 Bxe3 24. Qxe3 Re8 25. h3 e4 26. Rac1 Rb8 27. Qd2
Qf6 28. Qxa5 Rb2 29. R5c2 e3 30. fxe3 Rxe3 31. Qd2 Rxc2 32. Rxc2 Qe5 33. d6 Qg3
34. Rc8+ Kh7 35. Rc1 Rd3 36. Qc2 Qg6 37. Rd1 Rxd6 38. Qxg6+ Rxg6 39. Kf2 Ra6
40. Ra1 Kg6 41. Ke3 Kf5 42. Kd4 Kf4 43. Ra3 f5 44. Kc5 g5 45. Kb5 Ra8 46. a5 g4
47. g3+ Ke5 48. hxg4 fxg4 49. Kb6 h5 50. a6 h4 51. gxh4 Kf4 52. a7 g3 53. Kb7
g2 54. Ra1 Rh8 55. a8=Q Rxa8 56. Kxa8 Kg4 57. Rg1 1-0

[Event "Ottawa June Norm"]
[Site "Ottawa CAN"]
[Date "2022.06.11"]
[Round "7"]
[White "Noritsyn, Nikolay"]
[Black "Samsonkin, Artiom"]
[Result "1/2-1/2"]
[WhiteElo "2488"]
[BlackElo "2428"]
[PlyCount "69"]
[EventDate "2022.06.08"]
[EventType "tourn"]
[EventRounds "9"]
[EventCountry "CAN"]

1. e4 c5 2. Nf3 d6 3. d4 cxd4 4. Nxd4 Nf6 5. Nc3 a6 6. Be3 e5 7. Nf3 Qc7 8. a4
Nbd7 9. Nd2 b6 10. Bc4 Bb7 11. Qe2 Be7 12. O-O O-O 13. Rfd1 Nc5 14. Bg5 Ne6 15.
Bxf6 Bxf6 16. Nd5 Bxd5 17. Bxd5 Nf4 18. Qc4 Nxd5 19. Qxd5 Qxc2 20. Nc4 Rab8 21.
b4 b5 22. Ne3 Qc3 23. Qxd6 Rfd8 24. Qxa6 Rxd1+ 25. Rxd1 Qxb4 26. a5 Qxe4 27.
Qd6 Ra8 28. Nd5 Qc2 29. Nb6 Be7 30. Qd5 Rxa5 31. Qd8+ Bf8 32. Rf1 Qc6 33. Nc8
Qa8 34. Ne7+ Kh8 35. Nc8 1/2-1/2

[Event "Ottawa June Norm"]
[Site "Ottawa CAN"]
[Date "2022.06.11"]
[Round "7"]
[White "Perez Rodriguez, Luis Manuel"]
[Black "Vera, Reynaldo"]
[Result "1/2-1/2"]
[WhiteElo "2334"]
[BlackElo "2443"]
[PlyCount "40"]
[EventDate "2022.06.08"]
[EventType "tourn"]
[EventRounds "9"]
[EventCountry "CAN"]

1. e4 e5 2. Nf3 Nf6 3. Nxe5 d6 4. Nf3 Nxe4 5. Qe2 Qe7 6. d3 Nf6 7. Bg5 Qxe2+ 8.
Bxe2 Be7 9. Nc3 c6 10. Ne4 Nbd7 11. O-O-O d5 12. Nxf6+ Bxf6 13. Bxf6 Nxf6 14.
h3 O-O 15. Rhe1 Re8 16. Bf1 Bd7 17. Rxe8+ Rxe8 18. Re1 Rxe1+ 19. Nxe1 Kf8 20.
Kd2 Ke7 1/2-1/2

[Event "Ottawa June Norm"]
[Site "Ottawa CAN"]
[Date "2022.06.11"]
[Round "7"]
[White "Talukdar, Rohan"]
[Black "Sambuev, Bator"]
[Result "1/2-1/2"]
[WhiteElo "2343"]
[BlackElo "2508"]
[PlyCount "65"]
[EventDate "2022.06.08"]
[EventType "tourn"]
[EventRounds "9"]
[EventCountry "CAN"]

1. e4 c5 2. Nf3 Nc6 3. Bb5 g6 4. O-O Bg7 5. Nc3 Nh6 6. d3 O-O 7. Bf4 d6 8. Qd2
Ng4 9. Bxc6 bxc6 10. h3 Nf6 11. e5 Nd5 12. Bh6 Be6 13. Rfe1 Nc7 14. Ne4 Bd5 15.
Bxg7 Kxg7 16. exd6 exd6 17. c4 Bxe4 18. dxe4 Qe7 19. Rad1 Rfd8 20. Re3 Ne6 21.
Rd3 Qf6 22. b3 a5 23. Qe3 a4 24. e5 dxe5 25. Rxd8 Rxd8 26. Rxd8 Qxd8 27. Qxe5+
Kg8 28. bxa4 Qd1+ 29. Kh2 Qxa4 30. Qb8+ Kg7 31. Qe5+ Kg8 32. Qb8+ Kg7 33. Qe5+
1/2-1/2

[Event "Ottawa June Norm"]
[Site "Ottawa CAN"]
[Date "2022.06.12"]
[Round "8"]
[White "Ghasi, Ameet"]
[Black "Talukdar, Rohan"]
[Result "1/2-1/2"]
[WhiteElo "2478"]
[BlackElo "2323"]
[PlyCount "34"]
[EventDate "2022.06.08"]
[EventType "tourn"]
[EventRounds "9"]
[EventCountry "CAN"]

1. Nf3 c5 2. g3 g6 3. Bg2 Bg7 4. O-O Nc6 5. c4 e6 6. Nc3 Nge7 7. b3 O-O 8. Bb2
d5 9. a3 b6 10. e3 Bb7 11. Qc2 Qd7 12. cxd5 exd5 13. Ne2 d4 14. exd4 cxd4 15.
Nf4 Rac8 16. Rfe1 Nb4 17. Qd1 Nc2 1/2-1/2

[Event "Ottawa June Norm"]
[Site "Ottawa CAN"]
[Date "2022.06.12"]
[Round "8"]
[White "Ouellet, Maili-Jade"]
[Black "Noritsyn, Nikolay"]
[Result "0-1"]
[WhiteElo "2297"]
[BlackElo "2488"]
[PlyCount "86"]
[EventDate "2022.06.08"]
[EventType "tourn"]
[EventRounds "9"]
[EventCountry "CAN"]

1. d4 e6 2. c4 f5 3. Nf3 Nf6 4. Nc3 Bb4 5. Qb3 c5 6. e3 O-O 7. Be2 d6 8. Bd2
Nc6 9. a3 Ba5 10. d5 exd5 11. Nxd5 Bxd2+ 12. Nxd2 Nxd5 13. cxd5 Ne5 14. f4 Nd7
15. O-O Nf6 16. Bf3 b6 17. Rfe1 Qc7 18. e4 fxe4 19. Nxe4 Nxe4 20. Rxe4 Bf5 21.
Re3 c4 22. Qc3 Bg6 23. g3 Rae8 24. Rae1 Rxe3 25. Rxe3 b5 26. Kg2 a5 27. h4 Bf7
28. f5 Qc5 29. Re7 b4 30. axb4 axb4 31. Qd2 c3 32. bxc3 bxc3 33. Qg5 h6 34. Qe3
Rc8 35. Qc1 Bxd5 36. Re3 c2 37. f6 gxf6 38. Rd3 Bxf3+ 39. Rxf3 Kg7 40. Qf4 f5
41. Qc1 Rc7 42. Kh2 Kh7 43. Re3 Qxe3 0-1

[Event "Ottawa June Norm"]
[Site "Ottawa CAN"]
[Date "2022.06.11"]
[Round "8"]
[White "Sambuev, Bator"]
[Black "Perez Rodriguez, Luis Manuel"]
[Result "1/2-1/2"]
[WhiteElo "2508"]
[BlackElo "2334"]
[PlyCount "72"]
[EventDate "2022.06.08"]
[EventType "tourn"]
[EventRounds "9"]
[EventCountry "CAN"]

1. d4 d5 2. c4 c6 3. Nf3 Nf6 4. e3 e6 5. Nbd2 Nbd7 6. Bd3 Bd6 7. O-O O-O 8. e4
e5 9. cxd5 cxd5 10. Re1 Re8 11. exd5 exd4 12. Ne4 Nxe4 13. Bxe4 Nf6 14. Qxd4
Qb6 15. Qd3 Rxe4 16. Rxe4 Bf5 17. Re8+ Rxe8 18. Qxf5 g6 19. Qc2 Ng4 20. Be3
Nxe3 21. fxe3 Rxe3 22. Kh1 Qb5 23. Rd1 Qe2 24. Qxe2 Rxe2 25. Rd2 Re4 26. Kg1
Kf8 27. Kf1 Ra4 28. b3 Ra5 29. a4 Rc5 30. Rd3 Ke7 31. h3 Rc1+ 32. Ke2 Rc2+ 33.
Rd2 Rc3 34. Rd3 Rc2+ 35. Rd2 Rc3 36. Rd3 Rc2+ 1/2-1/2

[Event "Ottawa June Norm"]
[Site "Ottawa CAN"]
[Date "2022.06.12"]
[Round "8"]
[White "Samsonkin, Artiom"]
[Black "Liang, Jason"]
[Result "1/2-1/2"]
[WhiteElo "2428"]
[BlackElo "2443"]
[PlyCount "82"]
[EventDate "2022.06.08"]
[EventType "tourn"]
[EventRounds "9"]
[EventCountry "CAN"]

1. e4 c5 2. Nf3 e6 3. Nc3 Nc6 4. Bb5 Nd4 5. O-O a6 6. Bd3 Nc6 7. b3 d6 8. Bb2
Nf6 9. Re1 g6 10. e5 dxe5 11. Nxe5 Nxe5 12. Rxe5 Bg7 13. Rxc5 Nd7 14. Rc4 Ne5
15. Re4 Nxd3 16. cxd3 O-O 17. Na4 Qxd3 18. Bxg7 Kxg7 19. Re3 Qd6 20. Qc2 Rd8
21. Qc3+ Kg8 22. Nb2 Bd7 23. Nc4 Qc5 24. Ne5 Qxc3 25. dxc3 Be8 26. Rd3 Rxd3 27.
Nxd3 Rd8 28. Rd1 e5 29. f3 f5 30. Kf2 Kg7 31. Nb2 Rxd1 32. Nxd1 Kf6 33. c4 g5
34. Nc3 Bc6 35. b4 h5 36. b5 axb5 37. cxb5 Bd7 38. a4 Ke7 39. a5 Kd6 40. g4
hxg4 41. fxg4 fxg4 1/2-1/2

[Event "Ottawa June Norm"]
[Site "Ottawa CAN"]
[Date "2022.06.12"]
[Round "8"]
[White "Vera, Reynaldo"]
[Black "Narayanan, Sudarshan"]
[Result "1/2-1/2"]
[WhiteElo "2443"]
[BlackElo "2343"]
[PlyCount "159"]
[EventDate "2022.06.08"]
[EventType "tourn"]
[EventRounds "9"]
[EventCountry "CAN"]

1. Nf3 d5 2. g3 Nf6 3. Bg2 e6 4. O-O c5 5. c4 dxc4 6. Na3 Nbd7 7. Nxc4 Nd5 8.
e4 Nb4 9. d4 b5 10. a3 bxc4 11. axb4 cxb4 12. Qa4 a5 13. Ne5 Bd6 14. Nxc4 Bc7
15. d5 Ba6 16. Qc6 O-O 17. d6 Bb6 18. Nxb6 Nxb6 19. Be3 Nc4 20. Rfc1 Nxe3 21.
fxe3 e5 22. d7 Be2 23. Bh3 Qg5 24. Qc5 h5 25. Rxa5 Rad8 26. Ra7 h4 27. Kf2
hxg3+ 28. hxg3 Bd3 29. Qd5 Qh5 30. Qxd3 Qxh3 31. Rg1 f5 32. Qd5+ Kh8 33. Ke1
Qh2 34. Rf1 Qxg3+ 35. Kd1 Qg2 36. Re1 fxe4 37. Qe6 b3 38. Re2 Qh1+ 39. Kd2 Qh5
40. Qe7 Qf7 41. Qd6 Qc4 42. Rc7 Rf6 43. Rxc4 Rxd6+ 44. Kc3 Rd3+ 45. Kb4 Rb8+
46. Ka3 Rxd7 47. Rxe4 Ra7+ 48. Ra4 Rxa4+ 49. Kxa4 g6 50. e4 Kg7 51. Rg2 Kh6 52.
Rg1 g5 53. Rh1+ Kg6 54. Rg1 Rb6 55. Ka5 Rb7 56. Ka4 Kh5 57. Rf1 g4 58. Rf5+ Kh4
59. Rxe5 g3 60. Re8 g2 61. Rg8 Kh3 62. e5 Kh2 63. Rh8+ Kg3 64. Rg8+ Kf2 65.
Rf8+ Kg1 66. Rg8 Rb6 67. Rg7 Re6 68. Kxb3 Rxe5 69. Kc4 Kf2 70. b4 Kf3 71. Rxg2
Kxg2 72. b5 Kf3 73. b6 Re1 74. Kd5 Rb1 75. Kc6 Ke4 76. b7 Ke5 77. Kc7 Rc1+ 78.
Kd8 Rb1 79. Kc7 Rxb7+ 80. Kxb7 1/2-1/2

[Event "Ottawa June Norm"]
[Site "Ottawa CAN"]
[Date "2022.06.12"]
[Round "9"]
[White "Liang, Jason"]
[Black "Ouellet, Maili-Jade"]
[Result "1-0"]
[WhiteElo "2443"]
[BlackElo "2297"]
[PlyCount "85"]
[EventDate "2022.06.08"]
[EventType "tourn"]
[EventRounds "9"]
[EventCountry "CAN"]

1. d4 d5 2. Nc3 Nf6 3. Bf4 Bf5 4. e3 e6 5. Bd3 Bxd3 6. cxd3 Bd6 7. Qb3 b6 8.
Bxd6 Qxd6 9. Nf3 O-O 10. O-O c6 11. Ne5 Nfd7 12. Nf3 e5 13. dxe5 Nxe5 14. Nxe5
Qxe5 15. d4 Qd6 16. Rac1 Nd7 17. Rc2 Nf6 18. h3 Rfc8 19. Rfc1 Kh8 20. Qa4 Ng8
21. e4 dxe4 22. Nxe4 Qf4 23. Rxc6 Rd8 24. Ng3 Rxd4 25. Qb3 Rd2 26. Rf1 Rad8 27.
Rc3 Nh6 28. Re3 Qd4 29. Rfe1 Rd1 30. Nf1 Rxe1 31. Rxe1 Qd7 32. Ne3 Kg8 33. Qa3
Qb7 34. Qa4 b5 35. Qb4 f6 36. Rc1 a6 37. a4 Nf7 38. Rc5 Rb8 39. Nd5 Ne5 40. Qb3
Nc4 41. Qg3 g6 42. Nxf6+ Kh8 43. Rc7 1-0

[Event "Ottawa June Norm"]
[Site "Ottawa CAN"]
[Date "2022.06.12"]
[Round "9"]
[White "Noritsyn, Nikolay"]
[Black "Narayanan, Sudarshan"]
[Result "1-0"]
[WhiteElo "2343"]
[BlackElo "2343"]
[PlyCount "99"]
[EventDate "2022.06.08"]
[EventType "tourn"]
[EventRounds "9"]
[EventCountry "CAN"]

1. e4 e5 2. Nf3 Nc6 3. Bc4 Bc5 4. d3 Nf6 5. Nc3 a6 6. O-O O-O 7. Bd5 d6 8. Bxc6
bxc6 9. Be3 Bb6 10. h3 h6 11. Ne2 Nh7 12. d4 exd4 13. Bxd4 Bxd4 14. Qxd4 c5 15.
Qd3 Bb7 16. Rfe1 Re8 17. Nc3 Nf8 18. Re3 Ng6 19. Rae1 Re6 20. Nh2 Nf4 21. Qf1
Rg6 22. g3 Bc8 23. g4 Be6 24. b3 h5 25. Ne2 Nxe2+ 26. Qxe2 hxg4 27. hxg4 Qg5
28. Rg3 Rh6 29. Kg2 c4 30. Qe3 Qa5 31. g5 Rh4 32. f4 Re8 33. Nf3 Rg4 34. Nd4
Rxg3+ 35. Kxg3 Bd7 36. bxc4 c5 37. Nb3 Qb4 38. Nd2 Qb2 39. Qd3 Qxa2 40. Qxd6
Qa5 41. Nf3 Be6 42. Rb1 g6 43. Qe5 Bd7 44. Qf6 Re6 45. Rb8+ Be8 46. Qd8 Qxd8
47. Rxd8 Rxe4 48. Ne5 Kf8 49. Nd7+ Ke7 50. Rxe8+ 1-0

[Event "Ottawa June Norm"]
[Site "Ottawa CAN"]
[Date "2022.06.13"]
[Round "9"]
[White "Perez Rodriguez, Luis Manuel"]
[Black "Ghasi, Ameet"]
[Result "0-1"]
[WhiteElo "2334"]
[BlackElo "2497"]
[PlyCount "90"]
[EventDate "2022.06.08"]
[EventType "tourn"]
[EventRounds "9"]
[EventCountry "CAN"]

1. e4 c6 2. d4 d5 3. exd5 cxd5 4. c4 Nf6 5. Nc3 Nc6 6. Nf3 a6 7. cxd5 Nxd5 8.
Bc4 Be6 9. Bb3 Na5 10. Ng5 Qd7 11. Bxd5 Bxd5 12. O-O Nc6 13. Re1 Rd8 14. Bf4
Qf5 15. Qd2 Bxg2 16. Qe3 Bd5 17. Ne2 h6 18. Ng3 Qg6 19. Nf3 h5 20. h4 f6 21.
Nh2 Nb4 22. Bc7 Rd7 23. Qc3 Nc2 24. Bb6 Bc6 25. Rad1 Nxe1 26. Rxe1 Qf7 27. Nhf1
g6 28. Ne4 Bg7 29. Nc5 Qd5 30. Qh3 Qf3 31. Ng3 Qg4 32. Qf1 Rd5 33. Ne6 Kf7 34.
Nxg7 Rd7 35. Qc4+ e6 36. Re4 Qd1+ 37. Kh2 Kxg7 38. Bc5 Qd2 39. Kg1 Re8 40. Re3
Bb5 41. Qb3 Qc1+ 42. Kh2 e5 43. Bb6 Qd2 44. Ne4 Qd1 45. Nc3 Qf1 0-1

[Event "Ottawa June Norm"]
[Site "Ottawa CAN"]
[Date "2022.06.12"]
[Round "9"]
[White "Sambuev, Bator"]
[Black "Vera, Reynaldo"]
[Result "0-1"]
[WhiteElo "2508"]
[BlackElo "2443"]
[PlyCount "68"]
[EventDate "2022.06.08"]
[EventType "tourn"]
[EventRounds "9"]
[EventCountry "CAN"]

1. d4 d5 2. Nf3 e6 3. e3 c5 4. b3 Nc6 5. Bb2 cxd4 6. exd4 g6 7. h4 Nf6 8. Bd3
Bg7 9. Ba3 Ne4 10. c3 e5 11. Nxe5 Nxe5 12. dxe5 Bd7 13. Bxe4 dxe4 14. Bd6 e3
15. fxe3 Bc6 16. Qd2 Qd7 17. Na3 Qg4 18. O-O O-O-O 19. Rxf7 Rxd6 20. exd6 Bxc3
21. Qf2 Bxa1 22. Nc4 Rd8 23. Rxh7 Bc3 24. Rf7 Be1 25. Qc2 Bg3 26. Rxb7 Bf2+ 27.
Qxf2 Bxb7 28. Qc2 Kb8 29. Ne5 Qxh4 30. Qc7+ Ka8 31. Nxg6 Qg5 32. Nf4 Qf6 33.
Ne6 Rg8 34. Nf4 Qa1+ 0-1

[Event "Ottawa June Norm"]
[Site "Ottawa CAN"]
[Date "2022.06.08"]
[Round "9"]
[White "Talukdar, Rohan"]
[Black "Samsonkin, Artiom"]
[Result "0-1"]
[WhiteElo "2343"]
[BlackElo "2428"]
[PlyCount "90"]
[EventDate "2022.06.08"]
[EventType "tourn"]
[EventRounds "9"]
[EventCountry "CAN"]

1. e4 c5 2. Nf3 d6 3. Bb5+ Nd7 4. a4 Ngf6 5. Nc3 g6 6. a5 Bg7 7. O-O O-O 8. a6
bxa6 9. Bxa6 Bxa6 10. Rxa6 Qc7 11. d3 Qb7 12. Ra3 e6 13. Re1 d5 14. exd5 exd5
15. d4 Rfe8 16. Rxe8+ Rxe8 17. dxc5 Nxc5 18. Be3 Rxe3 19. fxe3 Qxb2 20. Nb1 Bh6
21. h3 Nfe4 22. Nh2 Bg5 23. Nf1 Bh4 24. g3 Nxg3 25. Nxg3 Bxg3 26. Rxa7 Qb8 27.
Ra5 Bh2+ 28. Kf1 Ne4 29. Qxd5 Qg3 30. Ra8+ Kg7 31. Qd4+ Nf6 32. Nd2 Qxh3+ 33.
Ke2 Bc7 34. Re8 Qh5+ 35. Kf2 Qh2+ 36. Ke1 Bg3+ 37. Kd1 Qh1+ 38. Ke2 Qh5+ 39.
Kf1 Qd1+ 40. Kg2 Be1 41. Rd8 Qe2+ 42. Kh3 Qh5+ 43. Kg2 Qe2+ 44. Kg1 Bf2+ 45.
Kh1 Bg3 0-1

[Event "Outaouais-ch"]
[Site "Gatineau CAN"]
[Date "2022.05.03"]
[Round "1"]
[White "Azar, Sebastien"]
[Black "Guimond, Michel"]
[Result "1-0"]
[WhiteElo "1934"]
[BlackElo "1936"]
[PlyCount "169"]
[EventDate "2022.05.03"]
[EventType "tourn"]
[EventRounds "7"]
[EventCountry "CAN"]

1. d4 c5 2. d5 e5 3. e4 d6 4. Nc3 g6 5. Bc4 b6 6. Qd3 a6 7. a4 Bg7 8. Nge2 Nh6
9. O-O O-O 10. Qg3 f6 11. Bxh6 Bxh6 12. f4 Bg7 13. f5 g5 14. Qh3 Bd7 15. g4 Be8
16. Ng3 Rf7 17. Qg2 Rfa7 18. Qe2 Bf7 19. Ra3 Qe8 20. Rfa1 Kf8 21. Nb1 Ke7 22.
Nd2 Qd8 23. Bd3 Nd7 24. Nc4 Qc7 25. Rb3 Be8 26. Ne3 c4 27. Bxc4 Nc5 28. Rc3 Qb7
29. Rca3 Bxa4 30. b4 Nd7 31. Rxa4 b5 32. R4a2 bxc4 33. Qxc4 Qb6 34. Ra3 Rc7 35.
Qb3 Rac8 36. Kg2 Rc3 37. Qxc3 Rxc3 38. Rxc3 Qxb4 39. Rca3 Nc5 40. Kh3 Bf8 41.
Rxa6 Nxa6 42. Rxa6 Qc5 43. Ng2 Kf7 44. Rc6 Qa5 45. Ne3 Be7 46. Nc4 Qb4 47. c3
Qb8 48. Nh5 Qb1 49. Ng3 Qb8 50. Ne3 Bd8 51. c4 Bb6 52. c5 Bxc5 53. Nc4 Ke7 54.
Nd2 Qb4 55. Ndf1 Qb3 56. Rc7+ Kd8 57. Rxh7 Bf2 58. Rf7 Bb6 59. Rxf6 Kd7 60.
Rf7+ Kc8 61. Rg7 Bd8 62. Nd2 Qd3 63. Ndf1 Qa3 64. Rg6 Kd7 65. f6 Qf3 66. Rg7+
Kc8 67. f7 Qf6 68. Nf5 Be7 69. Rg6 Qxf7 70. Rg8+ Kc7 71. Rg7 Qf8 72. Rxe7+ Kb6
73. Re6 Kc5 74. Rxd6 Kc4 75. N1g3 Kd3 76. Rc6 Kd2 77. d6 Qe8 78. d7 Qd8 79.
Rd6+ Ke1 80. Kg2 Qxd7 81. Kh1 Qa4 82. Ne3 Kf2 83. Nd1+ Kf3 84. Rf6+ Kxg4 85.
Ne3+ 1-0